000
00417nam a2200145Ia 4500
008
100122s9999 xx 000 0 und d
082
_b
18665
_a
823
100
_a
केळकर न चिं
245
_a
बलिदान
260
_b
मनोहर ग्रंथमाला प्रकाशन
_c
1937
300
_a
324
630
_a
बलिदान
730
_a
बलिदान
942
_c
BOOK
999
_c
408032
_d
408029